Comdex CAT : all -in-one study kit (Record no. 174868)

MARC details
000 -LEADER
fixed length control field 00380nam a2200145Ia 4500
008 - FIXED-LENGTH DATA ELEMENTS--GENERAL INFORMATION
fixed length control field 231217s9999 xx 000 0 und d
041 ## - LANGUAGE CODE
Language code of text/sound track or separate title English
082 ## - DEWEY DECIMAL CLASSIFICATION NUMBER
Classification number 658.076 CHO;1 R
100 ## - MAIN ENTRY--PERSONAL NAME
Personal name Chopra, K DChopra, R PChopra, S K
245 #0 - TITLE STATEMENT
Title Comdex CAT : all -in-one study kit
260 ## - PUBLICATION, DISTRIBUTION, ETC.
Date of publication, distribution, etc. 2003
Name of publisher, distributor, etc. Dreamtech press
Place of publication, distribution, etc. New Delhi
300 ## - PHYSICAL DESCRIPTION
Extent 575
300 ## - PHYSICAL DESCRIPTION
Dimensions CD2076
942 ## - ADDED ENTRY ELEMENTS (KOHA)
Koha item type Books
Holdings
Date last seen Total checkouts Full call number Accession number Cost, total (INR) price Price effective from Category Lost status Damaged status Department Withdrawn status Home library Current library Shelving location Entry date Vendor Cost, normal purchase price Grants Billnumber Billdate Currency symbol Conversion rate Discount Old discount
26/01/2024   658.076 CHO;1 R 34712 239.20 26/01/2024 Books     F-Block Annex   Central Library Central Library F-Block Library Annex 24/05/2005 Sapna Book House 299.00 GEN 27805 11/04/2003 RS 1 59.8 20

© For any Suggestions or Query, please contact the library staff @ librarian@pes.edu or Phone: +9180 2672 1983/ 2108.